|
|
|
|
| LEADER |
02202cam a2200409Ia 4500 |
| 001 |
ocn320532520 |
| 003 |
OCoLC |
| 005 |
20100917015550.0 |
| 006 |
m d |
| 007 |
cr un||||||||| |
| 008 |
090508s2002 ne a ob 000 0 eng d |
| 020 |
|
|
|a 9781849501316 (electronic bk.) :
|c £65.95 ; € 94.95 ; $119.95
|
| 020 |
|
|
|a 1849501319 (electronic bk.) :
|c £65.95 ; € 94.95 ; $119.95
|
| 020 |
|
|
|z 9780762308361 (hbk.)
|
| 020 |
|
|
|z 0762308362 (hbk.)
|
| 040 |
|
|
|a VVL
|b eng
|c VVL
|d ZJC
|d GrThAP
|
| 050 |
1 |
4 |
|a UB340
|b .C57 2002
|
| 072 |
|
7 |
|a JWD
|2 bicssc
|
| 072 |
|
7 |
|a JWG
|2 bicssc
|
| 080 |
|
|
|a 355.2
|
| 082 |
0 |
4 |
|a 355.2/2363
|2 22
|
| 245 |
0 |
4 |
|a The comparative study of conscription in the armed forces
|h [electronic resource] /
|c edited by Lars Mjøset, Stephen van Holde.
|
| 260 |
|
|
|a Amsterdam ;
|a New York :
|b JAI,
|c c2002.
|
| 300 |
|
|
|a 1 online resource (xix, 424 p.) :
|b ill.
|
| 490 |
1 |
|
|a Comparative social research,
|x 0195-6310 ;
|v v. 20
|
| 504 |
|
|
|a Includes bibliographical references (p. 389-424)
|
| 520 |
|
|
|a This volume contributes to the comparative study of military conscription. Issues discussed include: a conceptual clarification of conscription as distinguished from volunteerism and militia service; the emergence of the citizen soldier model; patterns of anti-militarism before World War I; conscription in third world armies; gender-issues in relation to military service; the present phenomenon of child soldiers in Africa; the decline of conscript armies in Western Europe. A review section discusses the contribution of rational choice theory to the analysis of conscription into military forces.
|
| 588 |
|
|
|a Description based on print version record.
|
| 650 |
|
0 |
|a Draft.
|
| 650 |
|
7 |
|a Land forces & warfare.
|2 bicssc
|
| 650 |
|
7 |
|a Naval forces & warfare.
|2 bicssc
|
| 700 |
1 |
|
|a Mjøset, Lars.
|
| 700 |
1 |
|
|a Van Holde, Stephen.
|
| 776 |
0 |
8 |
|i Print version:
|t Comparative study of conscription in the armed forces.
|d Amsterdam ; New York : JAI, c2002
|z 0762308362
|w (DLC) 2001050639
|w (OCoLC)48449795
|
| 830 |
|
0 |
|a Comparative social research ;
|v v. 20.
|
| 856 |
4 |
0 |
|u http://www.emeraldinsight.com/0195-6310/20
|z Full Text via HEAL-Link
|
| 913 |
|
|
|1 SSbacklist
|